Mountbatten's report on the last viceroyalty (Record no. 1435302)
[ view plain ]
| 000 -LEADER | |
|---|---|
| fixed length control field | 00488nam a22001697a 4500 |
| 005 - DATE AND TIME OF LATEST TRANSACTION | |
| control field | 20250910141855.0 |
| 008 - FIXED-LENGTH DATA ELEMENTS--GENERAL INFORMATION | |
| fixed length control field | 250910b |||||||| |||| 00| 0 eng d |
| 037 ## - SOURCE OF ACQUISITION | |
| Terms of availability | REF |
| 040 ## - CATALOGING SOURCE | |
| Original cataloging agency | CL |
| Transcribing agency | CL |
| 041 ## - LANGUAGE CODE | |
| Source of code | Eng |
| Language code of text/sound track or separate title | Enlish |
| 245 ## - TITLE STATEMENT | |
| Title | Mountbatten's report on the last viceroyalty |
| Remainder of title | ; Ed.by Lioned carter |
| 300 ## - PHYSICAL DESCRIPTION | |
| Extent | 397p. |
| 365 ## - TRADE PRICE | |
| Price amount | 850 |
| Currency code | INR |
| 700 ## - ADDED ENTRY--PERSONAL NAME | |
| Personal name | Carter, Lioned |
| Relator term | Editor |
| 9 (RLIN) | 821003 |
| 942 ## - ADDED ENTRY ELEMENTS (KOHA) | |
| Source of classification or shelving scheme | Colon Classification (CC) |
| Koha item type | Reference |
| Suppress in OPAC | No |
| Withdrawn status | Lost status | Source of classification or shelving scheme | Damaged status | Not for loan | Home library | Current library | Date acquired | Source of acquisition | Cost, normal purchase price | Inventory number | Total Checkouts | Barcode | Date last seen | Price effective from | Koha item type |
|---|---|---|---|---|---|---|---|---|---|---|---|---|---|---|---|
| Colon Classification (CC) | Central Library | Central Library | 2025-09-10 | Bhartiya Sahitya | 850.00 | 410& 2004-04-20 | CL1211839 | 2025-09-10 | 2025-09-10 | Reference |
